Devin Townsend Project songs - Statistics

General Stats
  • This quiz has been taken 37 times
  • The average score is 62 of 90
Answer Stats
Song % Correct
Ki
100%
Addicted!
97%
Deconstruction
97%
Ghost
97%
Lucky Animals
97%
Hyperdrive!
94%
The Mighty Masturbator
94%
Gato
91%
Ih-Ah!
91%
Numbered!
91%
Planet of the Apes
91%
A Monday
88%
Awake!!
88%
Bend It Like Bender!
88%
Coast
88%
Kingdom
88%
Supercrush!
88%
Juular
85%
March of the Poozers
85%
Sumeria
85%
Universe in a Ball!
85%
Praise the Lowered
82%
Effervescent!
79%
Fly
79%
Grace
79%
Higher
79%
Lady Helen
79%
Poltergeist
79%
Stand
79%
Stormbending
79%
The Way Home!
79%
Trainfire
79%
Failure
76%
Heaven Send
76%
True North
76%
Truth
76%
Winter
76%
Demon League
74%
Disruptr
74%
Quiet Riot
74%
Blackberry
71%
Feather
71%
Resolve!
71%
Secret Sciences
71%
Transcendence
71%
Ain't Never Gonna Win
68%
Dark Matters
68%
Sky Blue
68%
Terminal
68%
War Princess
68%
Heart Baby
65%
Offer Your Light
65%
Pandemic
65%
Universal Flame
65%
65%
Ziltoid Goes Home
65%
Deathray
62%
Texada
62%
Transdermal Celebration
62%
Angel
59%
Divine
59%
From the Heart
59%
Kawaii
59%
Save Our Now
59%
Stars
59%
More!
56%
Where We Belong
56%
As You Were
53%
Dimension Z
53%
Fallout
53%
Liberation
53%
Monsoon
53%
Earth
50%
From Sleep Awake
50%
Infinite Ocean
50%
Rejoice
50%
Silent Militia
50%
A New Reign
47%
Before We Die
47%
Rain City
47%
Warrior
47%
Hold On
44%
Lessons
44%
Midnight Sun
44%
Through the Wormhole
41%
Wandering Eye
38%
Forever
35%
Seams
35%
The Ones Who Love
35%
Ziltoidian Empire
32%
No matching quizzes found
Score Distribution
Percent of People with Each Score
Percentile by Number Answered
Your Score History
You have not taken this quiz